|
|
|
|
| LEADER |
00000cam a2200000 7i4500 |
| 001 |
0000009332 |
| 002 |
000010162 |
| 005 |
20061228.0 |
| 020 |
|
|
|a 9838750972
|
| 090 |
0 |
0 |
|a JF
|b YUL
|
| 100 |
0 |
|
|a Yulis Haji Alwi
|
| 245 |
1 |
0 |
|a Perdana Menteri yang setia dan pengembaraan seorang anak raja
|c diceritakan semula oleh Yulis Haji Alwi
|
| 260 |
|
|
|a Klang :
|b Pustaka Mawar ,
|c 1995
|
| 300 |
|
|
|a 41p. :
|b ill. ;
|c 18cm.
|
| 490 |
0 |
|
|a Cerita rakyat klasik
|
| 650 |
0 |
0 |
|a Folk literature, Malay
|
| 999 |
|
|
|a 040601
|b BUKU
|c PINJAMAN
|e PERPUSTAKAAN KOMUNITI PETALING JAYA
|
| 999 |
|
|
|a 040603
|b BUKU
|c PINJAMAN
|e PERPUSTAKAAN KOMUNITI PETALING JAYA
|
| 999 |
|
|
|a 085575
|b BUKU
|c PINJAMAN
|e PERPUSTAKAAN KOMUNITI PETALING JAYA
|